Welche Stadt mit H? - Statistiken

Allgemein
  • Dieses Quiz wurde 63 mal gespielt
  • Das Durchschnittsergebnis liegt bei 15 aus 21
Antwortstatistiken
Hinweis Stadt % Korrekt
hier findet man die Elbphilharmonie und die Reeperbahn Hamburg
100%
in dieser Stadt, die für zahlreiche Saunen bekannt ist, spricht man Suomi Helsinki
97%
auf diese Stadt wurde 1945 eine Atombombe abgeworfen Hiroshima
97%
hier treibt ein Rattenfänger sein Unwesen Hameln
93%
Stadt am Neckar, mit imposantem Schloss aus rotem Sandstein Heidelberg
93%
bekannt als Messestadt; die weltweit größte Industriemesse findet hier statt Hannover
92%
größte an der Saale liegende Stadt Halle
90%
Zigarren und Oldtimer findet man reichlich in dieser Stadt Havanna
86%
"(Name der Stadt), wir haben ein Problem!" Houston
86%
nach Ende des Vietnamkrieges wurde die Stadt nach dem ehemaligen PräsidentenNordvietnams umbenannt Ho-Chi-Minh-Stadt
81%
Chinesische Sonderverwaltungszone; Stadt mit den meisten Wolkenkratzern Hong Kong
81%
in dieser Stadt grüßt man mit "Aloha" Honolulu
76%
am Roten Fluss gelegene Hauptstadt Hanoi
73%
Hauptstadt von Simbabwe Harare
68%
nördlich von Stuttgart gelegene Weinbaustadt Heilbronn
61%
benachbarte Großstadt von Amsterdam Haarlem
49%
Hafenstadt im Nahen Osten, die sich am Hang des Berg Karmels befindet Haifa
39%
sie wird als nördlichste Stadt der Welt bezeichnet Hammerfest
36%
Stadt auf Tasmanien Hobart
36%
jüngste kreisfreie Stadt Deutschlands Hanau
31%
beliebtes Tourismusziel und Fotomotiv im österreichischen Salzkammergut Hallstatt
24%
Keine übereinstimmenden Quizze gefunden
Verteilung der Resultate
Anzahl Personen mit jedem Resultat
Perzentil nach korrekt beantworteten Fragen
Ihre Resultats-Entwicklung
Sie haben dieses Quiz noch nicht gespielt